<?xml version="1.0" encoding="UTF-8"?>
<record
    xmlns:xsi="http://www.w3.org/2001/XMLSchema-instance"
    xsi:schemaLocation="http://www.loc.gov/MARC21/slim http://www.loc.gov/standards/marcxml/schema/MARC21slim.xsd"
    xmlns="http://www.loc.gov/MARC21/slim">

  <leader>02769cam a22004937i 4500</leader>
  <datafield tag="952" ind1=" " ind2=" ">
    <subfield code="0">0</subfield>
    <subfield code="1">0</subfield>
    <subfield code="2">ddc</subfield>
    <subfield code="4">0</subfield>
    <subfield code="7">0</subfield>
    <subfield code="8">DATA</subfield>
    <subfield code="a">MES</subfield>
    <subfield code="b">MES</subfield>
    <subfield code="c">COMP</subfield>
    <subfield code="d">2022-09-26</subfield>
    <subfield code="e">53</subfield>
    <subfield code="g">570.00</subfield>
    <subfield code="l">0</subfield>
    <subfield code="o">005.54 FRY/M</subfield>
    <subfield code="p">41593</subfield>
    <subfield code="r">2022-09-26 00:00:00</subfield>
    <subfield code="v">570.00</subfield>
    <subfield code="w">2022-09-26</subfield>
    <subfield code="y">BK</subfield>
    <subfield code="z">GL33R2</subfield>
  </datafield>
  <datafield tag="999" ind1=" " ind2=" ">
    <subfield code="c">41549</subfield>
    <subfield code="d">41549</subfield>
  </datafield>
  <controlfield tag="001">18516578</controlfield>
  <controlfield tag="003">OSt</controlfield>
  <controlfield tag="005">20220922123743.0</controlfield>
  <controlfield tag="008">150305t20152015waua          001 0 eng d</controlfield>
  <datafield tag="010" ind1=" " ind2=" ">
    <subfield code="a">  2015935269</subfield>
  </datafield>
  <datafield tag="015" ind1=" " ind2=" ">
    <subfield code="a">GBB593978</subfield>
    <subfield code="2">bnb</subfield>
  </datafield>
  <datafield tag="020" ind1=" " ind2=" ">
    <subfield code="a">9780735698802 (paperback)</subfield>
  </datafield>
  <datafield tag="020" ind1=" " ind2=" ">
    <subfield code="a">0735698805 (paperback)</subfield>
  </datafield>
  <datafield tag="035" ind1=" " ind2=" ">
    <subfield code="a">(OCoLC)ocn926069205</subfield>
  </datafield>
  <datafield tag="040" ind1=" " ind2=" ">
    <subfield code="a">AKC</subfield>
    <subfield code="b">eng</subfield>
    <subfield code="c">AKC</subfield>
    <subfield code="e">rda</subfield>
    <subfield code="d">YDXCP</subfield>
    <subfield code="d">BTCTA</subfield>
    <subfield code="d">BDX</subfield>
    <subfield code="d">GK5</subfield>
    <subfield code="d">VP@</subfield>
    <subfield code="d">ON8</subfield>
    <subfield code="d">OCLCF</subfield>
    <subfield code="d">BUR</subfield>
    <subfield code="d">JBO</subfield>
    <subfield code="d">OCLCQ</subfield>
    <subfield code="d">SINLB</subfield>
    <subfield code="d">NLE</subfield>
    <subfield code="d">DLC</subfield>
  </datafield>
  <datafield tag="042" ind1=" " ind2=" ">
    <subfield code="a">lccopycat</subfield>
  </datafield>
  <datafield tag="050" ind1="0" ind2="0">
    <subfield code="a">HF5548.4.M523</subfield>
    <subfield code="b">F7876 2015</subfield>
  </datafield>
  <datafield tag="082" ind1="0" ind2="4">
    <subfield code="a">005.54</subfield>
    <subfield code="2">23</subfield>
    <subfield code="b">FRY/M</subfield>
  </datafield>
  <datafield tag="100" ind1="1" ind2=" ">
    <subfield code="a">Frye, Curtis,</subfield>
    <subfield code="d">1968-</subfield>
    <subfield code="e">author.</subfield>
    <subfield code="9">9131</subfield>
  </datafield>
  <datafield tag="245" ind1="1" ind2="0">
    <subfield code="a">Microsoft Excel 2016 :</subfield>
    <subfield code="b">step by step /</subfield>
    <subfield code="c">Curtis Frye.</subfield>
  </datafield>
  <datafield tag="264" ind1=" " ind2="1">
    <subfield code="a">Redmond, Washington :</subfield>
    <subfield code="b">Microsoft Press, a division of Microsoft Corporation,</subfield>
    <subfield code="c">[2015]</subfield>
  </datafield>
  <datafield tag="264" ind1=" " ind2="4">
    <subfield code="c">&#xA9;2015</subfield>
  </datafield>
  <datafield tag="300" ind1=" " ind2=" ">
    <subfield code="a">xx, 520 pages :</subfield>
    <subfield code="b">illustrations ;</subfield>
    <subfield code="c">23 cm.</subfield>
  </datafield>
  <datafield tag="336" ind1=" " ind2=" ">
    <subfield code="a">text</subfield>
    <subfield code="b">txt</subfield>
    <subfield code="2">rdacontent</subfield>
  </datafield>
  <datafield tag="336" ind1=" " ind2=" ">
    <subfield code="a">still image</subfield>
    <subfield code="b">sti</subfield>
    <subfield code="2">rdacontent</subfield>
  </datafield>
  <datafield tag="337" ind1=" " ind2=" ">
    <subfield code="a">unmediated</subfield>
    <subfield code="b">n</subfield>
    <subfield code="2">rdamedia</subfield>
  </datafield>
  <datafield tag="338" ind1=" " ind2=" ">
    <subfield code="a">volume</subfield>
    <subfield code="b">nc</subfield>
    <subfield code="2">rdacarrier</subfield>
  </datafield>
  <datafield tag="490" ind1="0" ind2=" ">
    <subfield code="a">Step by step</subfield>
  </datafield>
  <datafield tag="500" ind1=" " ind2=" ">
    <subfield code="a">Includes index.</subfield>
  </datafield>
  <datafield tag="505" ind1="0" ind2=" ">
    <subfield code="a">Part 1 : Create and format workbooks. Set up a workbook ; Work with data and Excel tables ; Perform calculations on data ; Change workbook appearance -- Part 2 : Analyze and present data. Manage worksheet data ; Reorder and summarize data ; Combine data from multiple sources ; Analyze alternative data sets ; Create charts and graphics ; Create dynamic worksheets using PivotTables -- Part 3 : Collaborate and share in Excel. Print worksheets and charts ; Automate repetitive tasks by using macros ; Work with other Microsoft Office apps ; Collaborate with colleagues -- Part 4 : Perform advanced analysis. Perform business intelligence analysis ; Create forecasts and visualizations.</subfield>
  </datafield>
  <datafield tag="520" ind1=" " ind2=" ">
    <subfield code="a">"This is learning made easy. Gt more done quickly with Excel 2016. Jump in wherever you need answers--brisk lessons and full-color screenshots show you exactly what to do, step by step, "--Page 4 of cover.</subfield>
  </datafield>
  <datafield tag="630" ind1="0" ind2="0">
    <subfield code="a">Microsoft Excel (Computer file)</subfield>
  </datafield>
  <datafield tag="630" ind1="0" ind2="7">
    <subfield code="a">Microsoft Excel (Computer file)</subfield>
    <subfield code="2">fast</subfield>
    <subfield code="0">(OCoLC)fst01366659</subfield>
  </datafield>
  <datafield tag="650" ind1=" " ind2="0">
    <subfield code="a">Business</subfield>
    <subfield code="x">Computer programs.</subfield>
  </datafield>
  <datafield tag="650" ind1=" " ind2="0">
    <subfield code="a">Electronic spreadsheets.</subfield>
  </datafield>
  <datafield tag="650" ind1=" " ind2="7">
    <subfield code="a">COMPUTERS</subfield>
    <subfield code="x">Desktop Applications</subfield>
    <subfield code="x">Spreadsheets.</subfield>
    <subfield code="2">bisacsh</subfield>
  </datafield>
  <datafield tag="650" ind1=" " ind2="7">
    <subfield code="a">Business</subfield>
    <subfield code="x">Computer programs.</subfield>
    <subfield code="2">fast</subfield>
    <subfield code="0">(OCoLC)fst00842283</subfield>
  </datafield>
  <datafield tag="650" ind1=" " ind2="7">
    <subfield code="a">Electronic spreadsheets.</subfield>
    <subfield code="2">fast</subfield>
    <subfield code="0">(OCoLC)fst00907463</subfield>
  </datafield>
  <datafield tag="830" ind1=" " ind2="0">
    <subfield code="a">Step by step (Redmond, Wash.)</subfield>
  </datafield>
  <datafield tag="906" ind1=" " ind2=" ">
    <subfield code="a">7</subfield>
    <subfield code="b">cbc</subfield>
    <subfield code="c">copycat</subfield>
    <subfield code="d">2</subfield>
    <subfield code="e">ncip</subfield>
    <subfield code="f">20</subfield>
    <subfield code="g">y-gencatlg</subfield>
  </datafield>
  <datafield tag="942" ind1=" " ind2=" ">
    <subfield code="2">ddc</subfield>
    <subfield code="c">BK</subfield>
    <subfield code="h">005.54</subfield>
    <subfield code="i">FRY/M</subfield>
    <subfield code="k">005.54</subfield>
    <subfield code="m">FRY/M</subfield>
  </datafield>
</record>
